| 000 | 00671nam a22002291 4500 | ||
|---|---|---|---|
| 001 | bimo0001730495 | ||
| 003 | OSt | ||
| 005 | 20150321213002.0 | ||
| 008 | 010710s1969 sp spa | ||
| 035 | _a(OCoLC)434431719 | ||
| 040 |
_aSpMaBN _cBMC |
||
| 082 | _a920 Rubén Darío | ||
| 100 |
_9318 _aCapdevila, Arturo _d1889-1967 |
||
| 245 | 1 | 0 |
_aRubén Darío _b«un bardo rei» _cArturo Capdevila |
| 250 | _a2ª ed | ||
| 260 | 0 |
_aMadrid _bEspasa-Calpe _c1969 |
|
| 300 |
_a158 p. _c18 cm |
||
| 490 | 0 |
_aAustral _v607 |
|
| 600 |
_9364 _aDarío, Rubén _d1867-1916 _xBiografías |
||
| 600 |
_9365 _aDarío, Rubén _d1867-1916 _xCrítica e interpretación |
||
| 942 |
_2ddc _cBK |
||
| 999 |
_c268 _d268 |
||